Villes des Deux-Sèvres en images - Statistiques

Statistiques générales
  • Ce quiz a été pris 127 fois
  • Le résultat moyen est 9 sur 18
Statistiques - réponses
Par images Hint Réponse % Correct
N Niort
99%
B Bressuire
89%
P Parthenay
86%
T Thouars
84%
St-M-l'É Saint-Maixent-l'École
77%
C Coulon
55%
C-s-B Celles-sur-Belle
54%
M Melle
51%
C-s-l'A Coulonges-sur-l'Autize
45%
C Chauray
44%
É Échiré
43%
L M-St-H La Motte-Saint-Héray
43%
M Mauléon
31%
N-l-A Nueil-les-Aubiers
30%
A Airvault
26%
C Cerizay
19%
C-B Chef-Boutonne
19%
St-L-L Saint-Loup-Lamairé
18%
Aucun quiz correspondant
Distribution des résultats
% des personnes avec chaque résultat
Percentile par nombre de réponses
Votre historique - résultats
Vous n’avez pas pris ce quiz